| 000 | 00679nam a2200229 a 4500 | ||
|---|---|---|---|
| 001 | 54978 | ||
| 003 | BD-RjUL | ||
| 005 | 20211209080210.0 | ||
| 008 | 161113r19831981ii | 001 0 eng | ||
| 035 | _a(BD-RjUL)55100 | ||
| 040 |
_aDLC _cDLC _dZCU _dBD-RjUL _beng |
||
| 041 | _aeng | ||
| 082 |
_223 _a320 _bKAP 1984 |
||
| 100 | 1 |
_aKapur, Anup Chand. _9163926 |
|
| 245 | 1 | 0 |
_aPrinciples of political science / _cAnup Chand, Kapur. |
| 250 | _a13th rev. ed. | ||
| 260 |
_aDelhi : _bS. Chand, _c1982 [reprinted 1984]. |
||
| 300 |
_a751 p. ; _c23 cm. |
||
| 500 | _aIncludes index | ||
| 650 | 0 |
_aPolitical science _xStudy and teaching (Secondary) _zIndia. _9163927 |
|
| 942 |
_2ddc _cBK _03 |
||
| 999 |
_c54978 _d54978 |
||